| 000 | 00880cam a2200229 i 4500 | ||
|---|---|---|---|
| 003 | SA-RiAUC | ||
| 005 | 20260313133719.0 | ||
| 008 | 260125s1894 su g 00000 ara c | ||
| 040 |
_aSA-RiKSU _bara _cSA-RiAUC _erda |
||
| 082 | 0 | 4 | _a615.852 |
| 090 |
_aم ن 615.852 _bغ ز ا |
||
| 100 | 1 |
_aغزاوي، سليمان بن محمد فرج _eمؤلف. |
|
| 245 | 1 | 2 |
_aالفوائد الرحمانية في دفع الأمراض الوبائية / _cسليمان بن محمد فرج غزاوي. |
| 264 | 1 |
_aمكة المكرمة : _bالمطبعة الميرية، _c[1894] |
|
| 300 |
_a16 صفحة؛ _c29 سم. |
||
| 336 |
_aنص _btxt _2rdacontent _3كتاب |
||
| 337 |
_aبدون وسيط _bn _2rdamedia |
||
| 338 |
_aمجلد _bnc _2rdacarrier |
||
| 650 | 7 |
_aالعلاج الديني _2aucsh |
|
| 942 |
_2ddc _cRBOOK COPY _n0 |
||
| 949 |
_aSA-JeALM _d260125 _umohamedma123 _n1 |
||
| 999 |
_c14572 _d14572 |
||